| 000 | 01035nam0a22002531 4500 | ||
|---|---|---|---|
| 001 | rc\143850 | ||
| 005 | 20030307112448.2 | ||
| 035 | _a(NLR Aleph) 005414325 | ||
| 090 |
_a7407339 _c7407339 |
||
| 100 | _a20030307d1992 u |0rusy50 ca | ||
| 101 | 0 | _arus | |
| 102 | _aRU | ||
| 105 | _aa ||||||||| | ||
| 200 | 1 |
_aУправление административным районом в условиях экономических реформ _fА.Е. Когут, В.Е. Рохчин, К.Н. Знаменская _gРос. акад. наук. Ин-т соц.-экон. пробл., Ун-т новых знаний |
|
| 210 |
_aСПб. _cИСЭП _d1992 |
||
| 215 |
_a165 с. _cсхем. _d20 |
||
| 700 | 1 |
_aКогут _bА. Е. _f-1997 _gАнатолий Емельянович |
|
| 701 | 1 |
_aРохчин _bВ. Е. _gВладимир Ефимович |
|
| 701 | 1 |
_aЗнаменская _bК. Н. _gКира Николаевна |
|
| 801 | 0 |
_aRU _bNLR _gpsbo |
|
| 801 | 1 |
_aRU _bELAR _2rusmarc |
|
| 852 |
_aNLR _j94-3/2762 |
||
| 942 | _cBOOK | ||
| 980 | _aNB | ||